Cómo usar la información en trabajos de investigación (Registro nro. 1368)

Detalles MARC
000 -LEADER
fixed length control field 01502 a2200229 4500
001 - CONTROL NUMBER
control field 25324
005 - DATE AND TIME OF LATEST TRANSACTION
control field 20260407155538.0
008 - FIXED-LENGTH DATA ELEMENTS--GENERAL INFORMATION
fixed length control field 260407a2001 arg spa d
003 - CONTROL NUMBER IDENTIFIER
control field AR-UNSa-BCEJYS
040 ## - CATALOGING SOURCE
Original cataloging agency AR-UNSa-BCEJYS
Language of cataloging spa
Transcribing agency AR-UNSa-BCEJYS
080 ## - UNIVERSAL DECIMAL CLASSIFICATION NUMBER
Universal Decimal Classification number 001.8
Common auxiliary subdivision Metodología. Estudio general del método. Procedimientos científicos y técnicos para el estudio, La investigación y la discusión
020 ## - INTERNATIONAL STANDARD BOOK NUMBER
International Standard Book Number 84-7432-697-4
100 1# - MAIN ENTRY--PERSONAL NAME
Personal name Orna, Elizabeth
245 10 - TITLE STATEMENT
Title Cómo usar la información en trabajos de investigación
264 #1 - PRODUCTION, PUBLICATION, DISTRIBUTION, MANUFACTURE, AND COPYRIGHT NOTICE
Place of production, publication, distribution, manufacture Barcelona :
Name of producer, publisher, distributor, manufacturer Gedisa
Date of production, publication, distribution, manufacture, or copyright notice 2001
300 ## - PHYSICAL DESCRIPTION
Extent 238 p.
Dimensions 23 cm.
505 ## - FORMATTED CONTENTS NOTE
Formatted contents note 1. ¿Qué estamos haciendo cuando investigamos? - 2. Diseñar el mapa del territorio de investigación - 3. Manejar la información como apoyo para la investigación - 4. La actualización de registros: documentar la investigación - 5. Administrar el tiempo disponible - 6. Planificar los productos informativos de la investigación: preguntas para responder - 7. Planificar los productos informativos de la investigación: primeras decisiones - 8. Ampliar nuestro repertorio para presentar la información - 9. ¡El diseño es más que un cosmético! - 10. Transformar el conocimiento en información escrita: diseñar el texto
590 ## - LOCAL NOTE (RLIN)
Local note niveau_biblio:m niveau_hierar:0
700 1# - ADDED ENTRY--PERSONAL NAME
Personal name Stevens, Graham
856 41 - ELECTRONIC LOCATION AND ACCESS
Uniform Resource Identifier <a href="https://biblioeco.unsa.edu.ar/pmb/images/libros/C?mo usar la informaci?n en trabajos de investigaci?n (2001).jpg">https://biblioeco.unsa.edu.ar/pmb/images/libros/C?mo usar la informaci?n en trabajos de investigaci?n (2001).jpg</a>
Link text Imagen de portada
Electronic format type image/jpeg
942 ## - ADDED ENTRY ELEMENTS (KOHA)
Koha item type
Existencias
Withdrawn status Lost status Damaged status Not for loan Home library Current library Shelving location Date acquired Total checkouts Full call number Barcode Date last seen Price effective from Koha item type
        Biblioteca Prof. Eusebio Cleto del Rey Biblioteca Prof. Eusebio Cleto del Rey   07/04/2026   001.8 O74 L119817 07/04/2026 07/04/2026 Libro
        Biblioteca Prof. Eusebio Cleto del Rey Biblioteca Prof. Eusebio Cleto del Rey   07/04/2026   001.8 O74 L126658 07/04/2026 07/04/2026 Libro
        Biblioteca Prof. Eusebio Cleto del Rey Biblioteca Prof. Eusebio Cleto del Rey   07/04/2026   001.8 O74 L126659 07/04/2026 07/04/2026 Libro